000 02697cam a2200265 4500500
005 20251228070536.0
041 _afre
042 _adc
100 1 0 _aGnimassoun, Anoh Kodjê Blaise
_eauthor
245 0 0 _aAnalyse de la persistance des déséquilibres globaux : Y-a-t-il une spécificité de la zone euro?
260 _c2016.
500 _a50
520 _aL’ampleur des déséquilibres globaux et leur persistance dans plusieurs pays industrialisés sont devenues une menace réelle pour la stabilité de l’économie mondiale. Cette problématique complexe a tenu en haleine les chercheurs et la communauté internationale depuis le milieu de la décennie 2000. Cet article analyse les causes de ces déséquilibres mondiaux et de leur persistance en distinguant entre pays membres de la zone euro et pays non-membres. Les pays de l’eurozone appartenant à une union monétaire, les mécanismes de correction des déséquilibres par les taux de change nominaux sont, par définition, impossible à mettre en œuvre. Nous montrons que la persistance des déséquilibres de globaux est fortement liée aux mésalignements de change et aux écarts de production dans les pays industrialisés, mais que ces relations sont asymétriques et influencées par l’appartenance à une union monétaire (zone euro).
520 _aThe magnitude of global imbalances and their persistence in several industrialized countries have become a real threat to the stability of the global economy. This complex issue held spellbound researchers and the international community since the mid-2000s. This article analyzes the causes of these global imbalances and their persistence distinguishing between eurozone members and non-member countries. The eurozone countries belonging to a monetary union, imbalances correction mechanisms by the nominal exchange rates are, by definition, impossible to implement. We show that the persistence of global imbalances is strongly linked to currency misalignments and output gaps in industrialized countries, but these relationships are asymmetrical and influenced by membership in a monetary union (euro area).
690 _adéséquilibres globaux
690 _aéconométrie des données en panel
690 _amacroéconomie internationale
690 _arégime de change
690 _aexchange rate regime
690 _aglobal imbalances
690 _ainternational macroeconomics
690 _apanel data econometrics
786 0 _nVie & sciences de l'entreprise | 201 | 1 | 2016-11-24 | p. 132-145 | 2262-5321
856 4 1 _uhttps://shs.cairn.info/revue-vie-et-sciences-de-l-entreprise-2016-1-page-132?lang=fr&redirect-ssocas=7080
999 _c1593121
_d1593121